ბათუმის შოთა რუსთაველის სახელმწიფო უნივერსიტეტის ბიბლიოთეკა

პოსტკომუნისტური ფინანსური პოლიტიკა / (ბიბ.ჩანაწერი № 36579)

000 -ლიდერი
ფიქსირებული სიგრძის საკონტროლო ველი 01353nam a2200277Ia 4500
001 - საკონტროლო ნომერი
საკონტროლო ველი 2498
003 - საკონტროლო ნომრის იდენტიფიკატორი
საკონტროლო ველი GE_BSU
005 - ბოლო ოპერაციის თარიღი და დრო
საკონტროლო ველი 20260220164321.0
008 - ფიქსირებული სიგრძის მონაცემთა ელემენტები - ზოგადი ინფორმაცია
ფიქსირებული სიგრძის საკონტროლო ველი 181216s2008||||ge |||||||||||||| ||geo||
020 ## - წიგნის საერთაშორისო სტანდარტული ნომერი
International Standard Book Number 9789941902987
040 ## - კატალოგიზაციის წყარო
Transcribing agency GE_BSU
041 ## - ენის კოდი
Language code of text/sound track or separate title geo
080 ## - უნივერსალური ათობითი კლასიფიკაციის ინდექსი
Universal Decimal Classification number 336.02 ს–50
100 ## - მთავარი ჩანაწერი - პიროვნების სახელი
Personal name სილაგაძე, ავთანდილ
9 (RLIN) 26945
245 ## - ცნობა სათაურის შესახებ
Title პოსტკომუნისტური ფინანსური პოლიტიკა /
Statement of responsibility, etc ავთანდილ სილაგაძე, მიხეილ თოქმაზიშვილი; [რედ. ვლადიმერ პაპავა].
260 ## - გამოქვეყნების, გავრცელების, და სხვა. ცნობები
Place of publication, distribution, etc თბილისი
264 ## - წარმოების, გამოცემის, დისტრიბუციის და სხვა ცნობები
გამოცემის, წარმოების, დისტრიბუციის... ადგილი თბ. :
გამოცემის, წარმოების, დისტრიბუციის... სახელწოდება [ინოვაცია],
გამოცემის, წარმოების, დისტრიბუციის... თარიღი 2008.
300 ## - ფიზიკური აღწერა
Extent 112გვ. :
Other physical details ცხ. ;
Dimensions 20სმ.
504 ## - BIBLIOGRAPHY, ETC. NOTE
Bibliography, etc ბიბლიოგრ. ტექსტ. შენიშვნ. და გვ. 107-111.
653 ## - INDEX TERM--UNCONTROLLED
Uncontrolled term საქართველოს ფინანსური პოლიტიკა
653 ## - INDEX TERM--UNCONTROLLED
Uncontrolled term ფინანსური პოლიტიკა პოსტკომუნისტურ ქვეყნებში
653 ## - INDEX TERM--UNCONTROLLED
Uncontrolled term ფინანსური კრიზისი.
700 ## - ADDED ENTRY--PERSONAL NAME
Personal name თოქმაზიშვილი, მიხეილ
Relator term ავტორი
9 (RLIN) 26946
942 ## - ADDED ENTRY ELEMENTS (KOHA)
Koha item type წიგნი
Source of classification or shelving scheme
ეგზემპლარები
ჩამოწერის სტატუსი დაკარგული ეგზემპლარის სტატუსი კლასიფიკაციის წყარო ან თაროზე გაწყობის სქემა დაზიანების სტატუსი არ გაიცემა მუდმივი მდებარეობა (დაცვის ადგილი) ამჟამინდელი ადგილსამყოფელი თაროზე განთავსების ადგილი შეძენის თარიღი ღირებულება, შესყიდვის ნორმალური ფასი სრული შენახვის შიფრი შტრიხკოდი ბოლო ოპერაციის თარიღი ეგზემპლარის მიმდევრობითი ნომერი (კეტერი?) ფასის ძალაში შესვლის თარიღი ეგზემპლარის სახეობა საჯარო შენიშვნა
          ბათუმის შოთა რუსთაველის სახელმწიფო უნივერსიტეტის მთავარი ბიბლიოთეკა ბათუმის შოთა რუსთაველის სახელმწიფო უნივერსიტეტის მთავარი ბიბლიოთეკა წიგნსაცავი 2018-12-17 5.00 336.02 ს–50 1068 2018-12-17 1068 2018-12-17 წიგნი 5 ლ.